000 00609nam a22002177a 4500
005 20170124110028.0
010 _aA-061459
020 _c00.00
035 _aA-061459
037 _bCen Lib/Ret
040 _aDPL
_bEN
082 _a550
_bBEI
100 _aBeiser, Arthur
_921036
245 _aThe earth /
_cby Arthur Beiser
260 _aNew York
_bTime-Life Books
_c1962
300 _a192p. :
_c26cm(Hb)
_bcol. ill
500 _aIncludes bibliography and index
650 _aEarth (Planet)
_921037
650 _aMission to Planet Earth (Program)
_921038
942 _2ddc
_cEN
_h550
_mBEI
999 _c127624
_d127624